Giành lấy khách hàng lớn

Hướng dẫn thực tế, đơn giản, ngắn gọn về từng vấn đề trong bán hàng, marketing: cách thu thập thông tin về khách hàng, cách lập kế hoạch thăm hỏi khách hàng một cách hữu hiệu, cách trao đổi trực tiếp với khách hàng... từ đó giúp tập t...

Cur síos iomlán

Đã lưu trong:
Sonraí Bibleagrafaíochta
Formáid: Leabhar
Teanga:Undetermined
Foilsithe: Hà Nội Từ điển Bách khoa 2005
Ábhair:
Clibeanna: Cuir Clib Leis
Gan Chlibeanna, Bí ar an gcéad duine leis an taifead seo a chlibeáil!
Thư viện lưu trữ: Trung tâm Học liệu Trường Đại học Cần Thơ
LEADER 01166nam a2200205Ia 4500
001 CTU_101206
008 210402s9999 xx 000 0 und d
020 |c 36000 
082 |a 658.834 
082 |b Gi107 
245 0 |a Giành lấy khách hàng lớn 
245 0 |c Thế Văn biên soạn 
260 |a Hà Nội 
260 |b Từ điển Bách khoa 
260 |c 2005 
520 |a Hướng dẫn thực tế, đơn giản, ngắn gọn về từng vấn đề trong bán hàng, marketing: cách thu thập thông tin về khách hàng, cách lập kế hoạch thăm hỏi khách hàng một cách hữu hiệu, cách trao đổi trực tiếp với khách hàng... từ đó giúp tập thể marketing và doanh nghiệp dành được nhiều khách hàng, đem lại nhiều lợi nhuận, giành được ưu thế cạnh tranh 
650 |a Consumers,Market surveys,Consumers 
650 |x Research,Attitudes 
904 |i Minh (sửa số pl 658.834/Th250 thành 658.834/Gi107) 
980 |a Trung tâm Học liệu Trường Đại học Cần Thơ